The Amazing/Wonderfully Weird World of Gumball Episodes (2011-present) - Statistics

General Stats
  • This quiz has been taken 419 times
    85 since last reset
  • The average score is 84 of 260
Answer Stats
Episode Code Episode % Correct
1.1 The DVD
87%
2.9 Halloween
65%
2.29 The Game
65%
1.15 The Gi
65%
2.8 The Job
65%
1.2 The Responsible
61%
1.5 The End
59%
2.1 The Remote
59%
1.19 The Robot
59%
1.3 The Third
59%
3.30 The Friend
57%
4.26 The Love
57%
1.8 The Spoon
57%
2.15 Christmas
54%
7.1 The Burger
54%
1.12 The Ghost
54%
3.20 The Shell
54%
1.16 The Kiss
52%
3.40 The Money
52%
3.7 The Name
52%
4.20 The Origins
52%
1.17 The Party
52%
4.30 The Bus
50%
1.27 The Date
50%
1.36 The Fight
50%
2.5 The Flower
50%
2.22 The Hero
50%
6.44 The Inquisition
50%
2.7 The Phone
50%
1.7 The Quest
50%
2.6 The Banana
48%
1.31 The Car
48%
1.6 The Dress
48%
2.4 The Fridge
48%
6.34 The Future
48%
3.26 The Lie
48%
6.9 The Neighbor
48%
4.2 The Nemesis
48%
3.25 The Pizza
48%
5.25 The Ex
46%
6.6 The Father
46%
1.10 The Painting
46%
1.14 The Prank
46%
3.12 The Void
46%
7.11 The App
43%
1.35 The Helmet
43%
3.24 The Man
43%
4.31 The Night
43%
1.20 The Picnic
43%
7.10 The Teacher
43%
2.11 The Apology
41%
4.40 The Disaster
41%
2.23 The Dream
41%
2.37 The Internet
41%
3.1 The Kids
41%
5.39 The News
41%
1.22 The Secret
41%
4.17 The Hug
39%
3.4 The Joy
39%
6.5 The One
39%
3.5 The Puppy
39%
5.22 The Stars
39%
5.8 The Test
39%
6.43 The BFFs
37%
5.4 The Boredom
37%
4.13 The Comic
37%
1.4 The Debt
37%
3.2 The Fan
37%
2.40 The Finale
37%
4.22 The Girlfriend
37%
2.3 The Knights
37%
1.11 The Laziest
37%
4.32 The Misunderstanding
37%
3.17 The Mothers
37%
3.36 The Nobody
37%
6.16 The Parents
37%
2.38 The Plan
37%
5.12 The Potato
37%
6.20 The Potion
37%
3.19 The Procrastinators
37%
5.1 The Rerun
37%
4.1 The Return
37%
6.1 The Rival
37%
7.4 The Thing
37%
2.31 The Voice
37%
2.39 The World
37%
5.33 The Worst
37%
4.27 The Awkwardness
35%
5.6 The Choices
35%
2.2 The Colossus
35%
5.3 The Guy
35%
3.14 The Move
35%
2.25 The Photo
35%
3.28 The Question
35%
6.14 The Shippening
35%
5.31 The Singing
35%
5.29 The Weirdo
35%
5.17 The Box
33%
3.22 The Bros
33%
3.3 The Coach
33%
5.18 The Console
33%
6.7 The Cringe
33%
5.34 The Deal
33%
3.38 The Egg
33%
3.8 The Extras
33%
6.11 The Faith
33%
4.37 The Fury
33%
6.40 The Heart
33%
3.15 The Law
33%
1.34 The Meddler
33%
6.39 The Mess
33%
1.33 The Microwave
33%
4.4 The Others
33%
1.23 The Sock
33%
4.12 The Upgrade
33%
3.10 The Vacation
33%
2.16 The Watch
33%
6.24 The Ad
30%
7.20 The Amadain
30%
7.2 The Assistant
30%
5.32 The Best
30%
2.14 The Bet
30%
4.34 The Blame
30%
2.34 The Boombox
30%
7.9 The Boring
30%
6.15 The Brain
30%
2.17 The Bumpkin
30%
7.5 The Butts
30%
4.6 The Check
30%
5.11 The Copycats
30%
7.3 The Distance
30%
1.21 The Goons
30%
7.13 The Letter
30%
1.26 The Mustache
30%
3.18 The Password
30%
2.21 The Pony
30%
5.40 The Puppets
30%
3.32 The Safety
30%
3.29 The Saint
30%
4.35 The Slap
30%
5.2 The Stories
30%
2.27 The Storm
30%
5.28 The Uncle
30%
1.29 The Wand
30%
2.12 The Words
30%
7.7 The Astrological
28%
7.19 The Climb
28%
3.35 The Countdown
28%
6.36 The Factory
28%
1.24 The Genius
28%
2.30 The Limit
28%
5.37 The Line
28%
5.38 The List
28%
5.27 The Menu
28%
4.28 The Nest
28%
3.6 The Recipe
28%
1.18 The Refund
28%
6.41 The Revolt
28%
4.14 The Romantic
28%
4.24 The Signal
28%
6.33 The Silence
28%
3.33 The Society
28%
2.36 The Sweaters
28%
6.23 The Understanding
28%
6.4 The Vegging
28%
5.5 The Vision
28%
4.23 The Advice
26%
3.27 The Butterfly
26%
4.38 The Compilation
26%
4.3 The Crew
26%
1.32 The Curse
26%
3.37 The Downer
26%
5.23 The Grades
26%
1.13 The Mystery
26%
4.25 The Parasite
26%
4.29 The Points
26%
7.17 The Pool
26%
4.8 The Sale
26%
4.39 The Scam
26%
4.5 The Signature
26%
2.13 The Skull
26%
3.34 The Spoiler
26%
2.10 The Treasure
26%
4.15 The Uploads
26%
6.37 The Agent
24%
3.16 The Allergy
24%
6.10 The Anybody
24%
1.30 The Ape
24%
6.8 The Cage
24%
6.12 The Candidate
24%
2.33 The Castle
24%
7.8 The Cheerleader
24%
1.28 The Club
24%
5.7 The Code
24%
5.30 The Heist
24%
5.16 The Matchmaker
24%
4.21 The Origins: Part Two
24%
4.7 The Pest
24%
5.35 The Petals
24%
1.25 The Poltergeist
24%
7.18 The Portrait
24%
4.33 The Roots
24%
2.24 The Sidekick
24%
6.3 The Sucker
24%
2.35 The Tape
24%
3.39 The Triangle
24%
2.20 The Virus
24%
3.13 The Boss
22%
6.25 The Ghouls
22%
4.9 The Gift
22%
7.16 The Gourmet
22%
3.23 The Mirror
22%
6.13 The Pact
22%
2.32 The Promise
22%
6.26 The Stink
22%
7.6 The Traffic
22%
4.19 The Traitor
22%
7.15 The Wrinkle
22%
6.30 The Buddy
20%
4.36 The Detective
20%
5.24 The Diet
20%
6.29 The Drama
20%
7.12 The Entrance
20%
2.18 The Flakers
20%
3.9 The Gripes
20%
6.2 The Lady
20%
2.28 The Lesson
20%
5.19 The Ollie
20%
3.31 The Oracle
20%
5.14 The Outside
20%
1.9 The Pressure
20%
4.11 The Routine
20%
5.26 The Sorcerer
20%
6.21 The Spinoffs
20%
2.26 The Tag
20%
5.15 The Vase
20%
6.35 The Wish
20%
4.16 The Apprentice
17%
5.21 The Cycle
17%
6.42 The Decisions
17%
6.17 The Founder
17%
3.11 The Fraud
17%
5.13 The Fuss
17%
6.19 The Intelligence
17%
5.36 The Nuisance
17%
5.9 The Slide
17%
5.20 The Catfish
15%
7.14 The Gut
15%
6.32 The Master
15%
4.10 The Parking
15%
6.22 The Transformation
15%
4.18 The Wicked
15%
2.19 The Authority
13%
6.27 The Awareness
13%
3.21 The Burden
13%
5.10 The Loophole
13%
6.18 The Schooling
13%
6.31 The Possession
11%
6.38 The Web
11%
6.28 The Slip
9%
No matching quizzes found
Score Distribution
Percent of People with Each Score
Percentile by Number Answered
Your Score History
You have not taken this quiz since the last reset